|
|
|
|
| LEADER |
00000nam0a2200000 4500 |
| 001 |
215958 |
| 005 |
20231101230014.0 |
| 035 |
|
|
|a (RuTPU)RU\TPU\book\235919
|
| 090 |
|
|
|a 215958
|
| 100 |
|
|
|a 20120518d1973 k y0rusy50 ca
|
| 101 |
0 |
|
|a rus
|
| 102 |
|
|
|a RU
|
| 105 |
|
|
|a y z 001zy
|
| 200 |
1 |
|
|a Русская военная мысль в XIX в.
|f Г. П. Мещеряков
|g Институт военной истории
|
| 210 |
|
|
|a Москва
|c Наука
|d 1973
|
| 215 |
|
|
|a 315 с.
|
| 320 |
|
|
|a Источники и литература: с. 298-309.
|
| 320 |
|
|
|a Указатель имен: с. 310-313.
|
| 610 |
1 |
|
|a военная наука
|
| 610 |
1 |
|
|a история
|
| 610 |
1 |
|
|a 19 век
|
| 610 |
1 |
|
|a теории
|
| 610 |
1 |
|
|a тактика
|
| 610 |
1 |
|
|a общественно-политические условия
|
| 610 |
1 |
|
|a политическая реакция
|
| 610 |
1 |
|
|a буржуазные реформы
|
| 686 |
|
|
|a Ц35(2)
|v LBC/SL-A
|2 rubbk
|
| 700 |
|
1 |
|a Мещеряков
|b Г. П.
|g Георгий Поликарпович
|
| 712 |
0 |
2 |
|a Институт военной истории
|c (Москва)
|2 stltpush
|3 (RuTPU)RU\TPU\col\9003
|9 24644
|
| 801 |
|
1 |
|a RU
|b 63413507
|c 20120518
|
| 801 |
|
2 |
|a RU
|b 63413507
|c 20121004
|g RCR
|
| 942 |
|
|
|c BK
|